书目信息 |
| 题名: |
别让孩子伤在敏感期
|
|
| 作者: | 蔡万刚 编著 | |
| 分册: | ||
| 出版信息: | 北京 中国纺织出版社 2019 |
|
| 页数: | 198页 | |
| 开本: | 24cm | |
| 丛书名: | ||
| 单 册: | ||
| 中图分类: | B844.1 , G78 | |
| 科图分类: | ||
| 主题词: | 儿童心理学--er tong xin li xue , 家庭教育--jia ting jiao yu | |
| 电子资源: | ||
| ISBN: | 978-7-5180-6016-0 | |
| 000 | 00982nam0 2200265 450 | |
| 001 | 012001002709 | |
| 005 | 20131030135443.0 | |
| 010 | @a978-7-5180-6016-0@dCNY39.80 | |
| 099 | @aCAL 012019086952 | |
| 100 | @a20190705d2019 em y0chiy50 ea | |
| 101 | 0 | @achi |
| 102 | @aCN@b110000 | |
| 105 | @ay z 000yy | |
| 106 | @ar | |
| 200 | 1 | @a别让孩子伤在敏感期@Abie rang hai zi shang zai min gan qi@f蔡万刚编著 |
| 210 | @a北京@c中国纺织出版社@d2019 | |
| 215 | @a198页@d24cm | |
| 330 | @a说到“敏感期”,相信很多家长都不会再觉得这是一个陌生的名词。追本溯源,敏感期是自然赋予人的一生仅有一次的特别生命力,反映了孩子心理成长发育方面的一些特点和规律。对于处于敏感期的孩子来说,正确的引导和教育显得十分重要,对孩子的成长可起到事半功倍的作用。 | |
| 606 | 0 | @a儿童心理学@Aer tong xin li xue |
| 606 | 0 | @a家庭教育@Ajia ting jiao yu |
| 690 | @aB844.1@v5 | |
| 690 | @aG78@v5 | |
| 701 | 0 | @a蔡万刚@ACai WanGang@4编著 |
| 801 | @b江苏凤凰@c20191020 | |
| 905 | @b1230242-7@dB844.1@e3305@f6 | |
| 别让孩子伤在敏感期/蔡万刚编著.-北京:中国纺织出版社,2019 |
| 198页;24cm |
| ISBN 978-7-5180-6016-0:CNY39.80 |
| 说到“敏感期”,相信很多家长都不会再觉得这是一个陌生的名词。追本溯源,敏感期是自然赋予人的一生仅有一次的特别生命力,反映了孩子心理成长发育方面的一些特点和规律。对于处于敏感期的孩子来说,正确的引导和教育显得十分重要,对孩子的成长可起到事半功倍的作用。 |
| ● |
| 相关链接 |
|
|
|
|
正题名:别让孩子伤在敏感期
索取号:B844.1/3305
 
预约/预借
| 序号 | 登录号 | 条形码 | 馆藏地/架位号 | 状态 | 备注 |
| 1 | 1230242 | 212302426 | 第一样本阅览室/ [索取号:B844.1/3305] | 在馆 | |
| 2 | 1230243 | 212302435 | 教育系资料室/ [索取号:B844.1/3305] | 在馆 | |
| 3 | 1230244 | 212302444 | 教育系资料室/ [索取号:B844.1/3305] | 在馆 | |
| 4 | 1230245 | 212302453 | 教育系资料室/ [索取号:B844.1/3305] | 在馆 | |
| 5 | 1230246 | 212302462 | 第一借阅区/ [索取号:B844.1/3305] | 在馆 | |
| 6 | 1230247 | 212302471 | 第一借阅区/ [索取号:B844.1/3305] | 在馆 |